[Event "Dimitrovgrad Caribrod op"]
[Site "Dimitrovgrad"]
[Date "2024.03.30"]
[Round "2"]
[White "Theodoridis, Charalampos"]
[Black "Brankovic, Dejan"]
[Result "1/2-1/2"]
[WhiteElo "1908"]
[BlackElo "2251"]
[PlyCount "55"]
[EventDate "2024.03.29"]
[EventType "swiss"]
[EventRounds "7"]
[EventCountry "SRB"]
[SourceTitle "CB16_2024"]
[SourceDate "2024.04.17"]
[SourceVersion "1"]
[SourceVersionDate "2024.04.17"]
[SourceQuality "1"]

1. d4 Nf6 2. c4 g6 3. Nc3 Bg7 4. Nf3 d6 5. Bf4 0-0 6. e3 c5 7. d5 Qb6 8. Qc2 e5 9. Bg5 h6 10. Bh4 Bf5 11. Qc1 e4 12. Nd2 g5 13. Bg3 Nh5 14. Qc2 Nxg3 15. hxg3 Qa5 16. Ncxe4 Bg6 17. Bd3 Na6 18. Qc1 Qb6 19. Nb3 Nb4 20. Bb1 Nxa2 21. Rxa2 Qxb3 22. Nd2 Qb4 23. Bxg6 fxg6 24. Qc2 a6 25. f3 Rae8 26. Kf2 Re7 27. Ne4 Qb6 28. Raa1 1/2-1/2

[Event "Pozarevac Rudar IM 14th"]
[Site "Pozarevac"]
[Date "2023.07.29"]
[Round "4"]
[White "Brankovic, Dejan"]
[Black "Aaditya, Dhingra"]
[Result "0-1"]
[WhiteElo "2285"]
[BlackElo "2457"]
[PlyCount "62"]
[EventDate "2023.07.26"]
[EventType "tourn"]
[EventRounds "9"]
[EventCountry "SRB"]
[EventCategory "1"]
[SourceTitle "CBM 215 Extra"]
[Source "ChessBase"]
[SourceDate "2023.09.30"]
[SourceVersion "1"]
[SourceVersionDate "2023.09.30"]
[SourceQuality "1"]

1. Nf3 Nf6 2. g3 b5 3. Bg2 Bb7 4. 0-0 e6 5. d3 c5 6. Nbd2 d6 7. e4 Nbd7 8. c3 Be7 9. Qe2 0-0 10. h3 Qc7 11. Nh4 d5 12. exd5 Bxd5 13. Bxd5 Nxd5 14. Nhf3 a6 15. Re1 Rac8 16. a4 Rfd8 17. axb5 axb5 18. Ne4 c4 19. d4 h6 20. Qc2 Re8 21. Ned2 Bd6 22. Ne4 Bf8 23. Ned2 Qb7 24. Ne5 Nxe5 25. dxe5 b4 26. Re4 b3 27. Qd1 Red8 28. Qf1 Nxc3 29. Rxc4 Na2 30. Rxc8 Rxc8 31. Nc4 Qb5 0-1

[Event "Belgrade Gligoric 100 Ann op"]
[Site "Belgrade"]
[Date "2023.02.05"]
[Round "2"]
[White "Brankovic, Dejan"]
[Black "Lazic, Miroljub"]
[Result "0-1"]
[WhiteElo "2285"]
[BlackElo "2305"]
[PlyCount "62"]
[EventDate "2023.02.05"]
[EventType "swiss (blitz)"]
[EventRounds "11"]
[EventCountry "SRB"]
[SourceTitle "EXT 2024"]
[Source "ChessBase"]
[SourceDate "2023.10.10"]
[SourceVersion "1"]
[SourceVersionDate "2023.10.10"]
[SourceQuality "1"]

1. e4 d6 2. d4 Nf6 3. Nc3 e5 4. Nf3 Nbd7 5. Bc4 Be7 6. 0-0 0-0 7. Re1 c6 8. a4 a5 9. h3 exd4 10. Nxd4 Nc5 11. Bf4 Be6 12. Nxe6 fxe6 13. e5 d5 14. exf6 Bxf6 15. Be3 d4 16. Bd2 dxc3 17. Bxc3 Bxc3 18. bxc3 Qxd1 19. Rexd1 Kf7 20. Re1 Kf6 21. f4 Rfd8 22. Re5 b6 23. Re2 Rd6 24. Kf2 Rad8 25. g4 g6 26. Ke3 Rd1 27. Ra2 Rh1 28. g5+ Kf7 29. Kf3 Rxh3+ 30. Kg4 Rxc3 31. Bb3 Rd1 0-1

[Event "Belgrade Gligoric 100 Ann op"]
[Site "Belgrade"]
[Date "2023.02.05"]
[Round "3"]
[White "Markovic, Jevrem"]
[Black "Brankovic, Dejan"]
[Result "0-1"]
[WhiteElo "2069"]
[BlackElo "2285"]
[PlyCount "76"]
[EventDate "2023.02.05"]
[EventType "swiss (blitz)"]
[EventRounds "11"]
[EventCountry "SRB"]
[SourceTitle "EXT 2024"]
[Source "ChessBase"]
[SourceDate "2023.10.10"]
[SourceVersion "1"]
[SourceVersionDate "2023.10.10"]
[SourceQuality "1"]

1. c4 Nf6 2. Nc3 g6 3. e4 d6 4. g3 Bg7 5. Bg2 0-0 6. Nge2 c6 7. h3 e5 8. 0-0 Nbd7 9. d3 a6 10. f4 exf4 11. gxf4 Nh5 12. f5 Ne5 13. Be3 Qh4 14. Qd2 Qe7 15. Rae1 b5 16. b3 b4 17. Nd1 c5 18. d4 cxd4 19. Nxd4 a5 20. Nb5 Rd8 21. Nb2 Bb7 22. Nd3 Ng3 23. Rf2 Nxd3 24. Qxd3 Bxe4 25. Qd2 Bxg2 26. Kxg2 Ne4 27. Qd5 Nxf2 28. Bxf2 Qg5+ 29. Kf1 Be5 30. fxg6 hxg6 31. Qf3 a4 32. Nc7 Rac8 33. Nd5 axb3 34. axb3 Kg7 35. Re4 Qf5 36. Qd3 Rh8 37. h4 Ra8 38. Kg2 Ra2 0-1

[Event "Paracin Prestige op"]
[Site "Paracin"]
[Date "2023.01.22"]
[Round "8"]
[White "Brankovic, Dejan"]
[Black "Skvortsov, Andrei"]
[Result "1-0"]
[WhiteElo "2290"]
[BlackElo "2249"]
[PlyCount "79"]
[EventDate "2023.01.17"]
[EventType "swiss"]
[EventRounds "9"]
[EventCountry "SRB"]
[SourceTitle "CBM 212 Extra"]
[Source "ChessBase"]
[SourceDate "2023.03.31"]
[SourceVersion "1"]
[SourceVersionDate "2023.03.31"]
[SourceQuality "1"]

1. e4 c5 2. Nf3 d6 3. d4 Nf6 4. Nc3 cxd4 5. Nxd4 Bd7 6. Bc4 Nc6 7. 0-0 Rc8 8. Bg5 Qa5 9. Bxf6 gxf6 10. Nxc6 bxc6 11. Kh1 Bg7 12. f4 f5 13. Qh5 Bxc3 14. Bxf7+ Kd8 15. bxc3 Qxc3 16. e5 dxe5 17. Rad1 Kc7 18. Qg5 Qc5 19. fxe5 Rcd8 20. e6 Bc8 21. Qf4+ Rd6 22. Rxd6 Qxd6 23. Qe3 Bb7 24. h3 Rd8 25. Qxa7 Ra8 26. Qe3 Rxa2 27. Rb1 Kc8 28. Be8 Ra6 29. Bh5 c5 30. Bf3 Ra7 31. Rd1 Qb6 32. Bxb7+ Rxb7 33. Qe5 Rc7 34. Qxf5 h6 35. Qd5 Kb8 36. Qd8+ Kb7 37. c4 Qxe6 38. Rb1+ Kc6 39. Qa8+ Kd6 40. Rb6+ 1-0

[Event "SRB-chT 1st League CS"]
[Site "Banja Vrujci"]
[Date "2022.10.07"]
[Round "9.1"]
[White "Brankovic, Dejan"]
[Black "Kulak, Dejan"]
[Result "1-0"]
[WhiteElo "2277"]
[BlackElo "2153"]
[PlyCount "74"]
[EventDate "2022.10.01"]
[EventType "team-tourn"]
[EventRounds "11"]
[EventCountry "SRB"]
[SourceTitle "CBM 210 Extra"]
[Source "ChessBase"]
[SourceDate "2022.11.30"]
[SourceVersion "1"]
[SourceVersionDate "2022.11.30"]
[SourceQuality "1"]
[WhiteTeam "Paracin OSK"]
[BlackTeam "Nis Nais"]
[WhiteTeamCountry "SRB"]
[BlackTeamCountry "SRB"]

1. g3 d5 2. Bg2 Nf6 3. Nf3 c6 4. 0-0 Bf5 5. d3 e6 6. Nh4 Bg6 7. Nxg6 hxg6 8. Nd2 Bc5 9. e4 dxe4 10. dxe4 e5 11. Qe2 Nbd7 12. c3 a5 13. a4 Qe7 14. Nc4 Qe6 15. Nxa5 Rxa5 16. b4 Bxf2+ 17. Qxf2 Ra8 18. h3 Qb3 19. Ra3 Qc4 20. g4 0-0 21. Re1 Rfd8 22. Bf1 Qe6 23. a5 Nf8 24. Qf3 Rd6 25. Be3 Rad8 26. Bb6 R8d7 27. b5 Rd2 28. Be3 Ra2 29. Rxa2 Qxa2 30. bxc6 bxc6 31. a6 Ne6 32. Qe2 Qa3 33. Qc4 c5 34. Rb1 g5 35. Qb3 Qa5 36. Qb2 Nxe4 37. Ra1 Qd8 1-0

[Event "SRB-chT 1st League CS"]
[Site "Banja Vrujci"]
[Date "2022.10.02"]
[Round "2.2"]
[White "Pikula, Dejan"]
[Black "Brankovic, Dejan"]
[Result "1-0"]
[WhiteElo "2289"]
[BlackElo "2277"]
[PlyCount "111"]
[EventDate "2022.10.01"]
[EventType "team-tourn"]
[EventRounds "11"]
[EventCountry "SRB"]
[SourceTitle "CBM 210 Extra"]
[Source "ChessBase"]
[SourceDate "2022.11.30"]
[SourceVersion "1"]
[SourceVersionDate "2022.11.30"]
[SourceQuality "1"]
[WhiteTeam "Arandjelovac"]
[BlackTeam "Paracin OSK"]
[WhiteTeamCountry "SRB"]
[BlackTeamCountry "SRB"]

1. e4 c5 2. Nf3 g6 3. d4 cxd4 4. Nxd4 Bg7 5. c4 Nc6 6. Be3 Nf6 7. Nc3 d6 8. Be2 0-0 9. 0-0 Bd7 10. Qd2 Nxd4 11. Bxd4 Bc6 12. f3 a5 13. b3 Nd7 14. Bf2 Nc5 15. Rab1 e6 16. Rfd1 Be5 17. Bf1 f5 18. exf5 gxf5 19. Re1 b6 20. Ne2 f4 21. Nd4 Be8 22. a3 Bg6 23. Rbd1 Bxd4 24. Qxd4 Bc2 25. b4 Bxd1 26. bxc5 dxc5 27. Qxd1 Qxd1 28. Rxd1 Rad8 29. Rb1 Rd6 30. Be1 Rfd8 31. Be2 e5 32. a4 Kf7 33. Bc3 Kf6 34. Re1 Kf5 35. Bf1 Rd1 36. Rxe5+ Kg6 37. Re6+ Kf7 38. Rf6+ Kg8 39. Rxb6 Rc1 40. Bb2 Rc2 41. Be5 Rd1 42. Rd6 Rb1 43. Bxf4 Ra2 44. Rd2 Raa1 45. Rf2 Rxa4 46. g3 Rxc4 47. Kg2 Rcb4 48. Be3 R4b2 49. Bxc5 Rxf2+ 50. Kxf2 a4 51. Bc4+ Kg7 52. Bd4+ Kh6 53. Bc3 a3 54. h4 Rb8 55. Ke3 Rd8 56. g4 1-0

[Event "Titled Tuesday intern op 22nd Feb Early"]
[Site "Chess.com INT"]
[Date "2022.02.22"]
[Round "4"]
[White "Boros, Denes"]
[Black "Brankovic, Dejan"]
[Result "1-0"]
[WhiteElo "2430"]
[BlackElo "2300"]
[PlyCount "97"]
[EventDate "2022.02.22"]
[EventType "swiss (blitz)"]
[EventRounds "11"]
[EventCountry "USA"]
[SourceTitle "CBM 207 Extra"]
[Source "ChessBase"]
[SourceDate "2022.05.31"]
[SourceVersion "1"]
[SourceVersionDate "2022.05.31"]
[SourceQuality "1"]

1. d4 Nf6 2. Nc3 d5 3. Bf4 Bf5 4. Nf3 e6 5. e3 Bd6 6. Ne5 h6 7. g4 Bh7 8. h4 Nfd7 9. g5 Bf5 10. gxh6 gxh6 11. Bd3 Bxd3 12. cxd3 Nxe5 13. dxe5 Bf8 14. Qb3 b6 15. d4 Qd7 16. e4 c6 17. 0-0-0 Na6 18. Qa4 Nc7 19. Kb1 a5 20. Rc1 b5 21. Qc2 0-0-0 22. Be3 Kb7 23. h5 Bb4 24. exd5 Nxd5 25. Ne4 Nxe3 26. fxe3 Be7 27. Rhf1 Rhf8 28. a4 Rc8 29. Nc5+ Bxc5 30. Qxc5 Rg8 31. Rc2 Rc7 32. Rcf2 Rg7 33. Rf6 Qd5 34. Qxd5 cxd5 35. axb5 Rh7 36. Rg1 Kb6 37. Rg8 Kxb5 38. Rf2 Kb6 39. Rc2 Rxc2 40. Kxc2 Kb5 41. Kc3 Kc6 42. Kb3 Kd7 43. Ka4 Ke7 44. Kxa5 f6 45. Ra8 Rf7 46. Ra7+ Kf8 47. Rxf7+ Kxf7 48. b4 fxe5 49. dxe5 1-0

[Event "Titled Tuesday intern op 22nd Feb Early"]
[Site "Chess.com INT"]
[Date "2022.02.22"]
[Round "2"]
[White "Brankovic, Dejan"]
[Black "Kalajzic, Ivan"]
[Result "1-0"]
[WhiteElo "2300"]
[BlackElo "2108"]
[PlyCount "109"]
[EventDate "2022.02.22"]
[EventType "swiss (blitz)"]
[EventRounds "11"]
[EventCountry "USA"]
[SourceTitle "CBM 207 Extra"]
[Source "ChessBase"]
[SourceDate "2022.05.31"]
[SourceVersion "1"]
[SourceVersionDate "2022.05.31"]
[SourceQuality "1"]

1. e4 Nc6 2. d4 e5 3. dxe5 Nxe5 4. Be2 Bc5 5. Nf3 Nxf3+ 6. Bxf3 d6 7. 0-0 Nf6 8. Nc3 h6 9. Bf4 0-0 10. h3 Re8 11. Qd3 Bd7 12. Nd5 Nxd5 13. exd5 Qf6 14. Bd2 Bf5 15. Qb3 Bb6 16. Kh1 Qg6 17. Rac1 Be4 18. Bxe4 Rxe4 19. a4 a5 20. Rce1 Rae8 21. Rxe4 Rxe4 22. Be3 Rb4 23. Qc3 Bxe3 24. fxe3 Qe4 25. b3 Qxd5 26. Qxc7 Re4 27. Qc8+ Kh7 28. Rf3 Qe6 29. Qxb7 Rxe3 30. Rxe3 Qxe3 31. Qxf7 Qe1+ 32. Kh2 Qe5+ 33. Kg1 Qe1+ 34. Qf1 Qe3+ 35. Qf2 Qe5 36. Qd2 Qa1+ 37. Kf2 Qf6+ 38. Ke2 Qe5+ 39. Qe3 Qb2 40. Kd2 d5 41. Qd3+ Kh8 42. Qxd5 Qf6 43. Qe4 Qf2+ 44. Kc1 Qf1+ 45. Kb2 Qf6+ 46. Ka2 Qc3 47. Qd3 Qe1 48. g4 Qc1 49. Qc3 Qh1 50. Qe3 Qd1 51. Kb2 Qd5 52. Qe8+ Kh7 53. Qe3 Qd6 54. Qd3+ Qg6 55. b4 1-0

[Event "Titled Tuesday intern op 22nd Feb Early"]
[Site "Chess.com INT"]
[Date "2022.02.22"]
[Round "3"]
[White "Leiva Rodriguez, Jeammarco Giuseppe"]
[Black "Brankovic, Dejan"]
[Result "1/2-1/2"]
[WhiteElo "2405"]
[BlackElo "2300"]
[PlyCount "100"]
[EventDate "2022.02.22"]
[EventType "swiss (blitz)"]
[EventRounds "11"]
[EventCountry "USA"]
[SourceTitle "CBM 207 Extra"]
[Source "ChessBase"]
[SourceDate "2022.05.31"]
[SourceVersion "1"]
[SourceVersionDate "2022.05.31"]
[SourceQuality "1"]

1. e4 c5 2. Nf3 d6 3. d4 cxd4 4. Nxd4 Nf6 5. Nc3 g6 6. Bc4 Bg7 7. f3 Nc6 8. Be3 Qb6 9. Bb5 Qc7 10. Nd5 Nxd5 11. exd5 a6 12. Ba4 b5 13. Nxc6 bxa4 14. Bd4 Bxd4 15. Qxd4 0-0 16. 0-0-0 Bb7 17. Qxa4 Bxc6 18. dxc6 Rfc8 19. Rhe1 e6 20. Re4 Qxc6 21. Qxc6 Rxc6 22. Red4 d5 23. b3 Kg7 24. R1d2 Rac8 25. Kb2 Kf6 26. h4 h5 27. Rb4 R8c7 28. a4 Ke7 29. g4 hxg4 30. fxg4 f5 31. h5 Kf6 32. hxg6 Kxg6 33. Rf2 Rf7 34. Rbf4 Rd6 35. gxf5+ Rxf5 36. Rxf5 exf5 37. Kc3 d4+ 38. Kd3 Kf6 39. Kc4 Ke5 40. Re2+ Kf4 41. Kc5 Rd8 42. Kb6 Rd6+ 43. Kc5 Rd8 44. Kb6 Kf3 45. Re6 f4 46. Kxa6 Rc8 47. Rd6 Ke3 48. Re6+ Kf3 49. Rd6 Ke3 50. Re6+ Kf3 1/2-1/2

[Event "Paracin Orbis IM 02"]
[Site "Paracin"]
[Date "2022.02.02"]
[Round "4"]
[White "Kosic, Dragan"]
[Black "Brankovic, Dejan"]
[Result "1-0"]
[WhiteElo "2425"]
[BlackElo "2302"]
[PlyCount "89"]
[EventDate "2022.01.31"]
[EventType "tourn"]
[EventRounds "9"]
[EventCountry "SRB"]
[SourceTitle "CBM 206 Extra"]
[Source "ChessBase"]
[SourceDate "2022.03.31"]
[SourceVersion "1"]
[SourceVersionDate "2022.03.31"]
[SourceQuality "1"]

1. d4 Nf6 2. Nc3 c5 3. d5 e5 4. e4 d6 5. Nf3 Be7 6. Be2 0-0 7. Nd2 Ne8 8. Nc4 Bg5 9. 0-0 g6 10. a4 Qe7 11. Ra3 Nd7 12. Bxg5 Qxg5 13. Nb5 Qe7 14. Rg3 Nb6 15. Nxa7 Nxc4 16. Nxc8 Qc7 17. Bxc4 Qxc8 18. b3 Ng7 19. Bd3 Qd8 20. Qg4 Qe7 21. h4 Kh8 22. Qg5 f6 23. Qh6 Nh5 24. Rxg6 Nf4 25. Rg3 Rg8 26. Re1 Qf7 27. Ree3 Nh5 28. Rxg8+ Rxg8 29. Kf1 Rg4 30. Rh3 Nf4 31. Rg3 Rxg3 32. fxg3 Ng6 33. Qh5 Qe7 34. Qf5 Kg7 35. Bb5 Nf8 36. Qc8 Kh6 37. Qe8 Ng6 38. Qxe7 Nxe7 39. g4 Nc8 40. a5 Kg7 41. Bd7 Na7 42. c4 h6 43. Kf2 Kf7 44. Kf3 Ke7 45. Be6 1-0

[Event "Paracin Orbis IM 02"]
[Site "Paracin"]
[Date "2022.02.01"]
[Round "2"]
[White "Brankovic, Dejan"]
[Black "Ilincic, Zlatko"]
[Result "1/2-1/2"]
[WhiteElo "2302"]
[BlackElo "2326"]
[PlyCount "21"]
[EventDate "2022.01.31"]
[EventType "tourn"]
[EventRounds "9"]
[EventCountry "SRB"]
[SourceTitle "CBM 206 Extra"]
[Source "ChessBase"]
[SourceDate "2022.03.31"]
[SourceVersion "1"]
[SourceVersionDate "2022.03.31"]
[SourceQuality "1"]

1. c4 c5 2. g3 Nf6 3. Bg2 g6 4. Nc3 Bg7 5. Rb1 0-0 6. a3 d6 7. b4 Nc6 8. d3 Nd7 9. Bd2 Rb8 10. Nf3 b6 11. 0-0 1/2-1/2

[Event "Paracin Orbis IM 02"]
[Site "Paracin"]
[Date "2022.01.31"]
[Round "1"]
[White "Zemlyanskii, Ivan"]
[Black "Brankovic, Dejan"]
[Result "1-0"]
[WhiteElo "2169"]
[BlackElo "2302"]
[PlyCount "73"]
[EventDate "2022.01.31"]
[EventType "tourn"]
[EventRounds "9"]
[EventCountry "SRB"]
[SourceTitle "CBM 206 Extra"]
[Source "ChessBase"]
[SourceDate "2022.03.31"]
[SourceVersion "1"]
[SourceVersionDate "2022.03.31"]
[SourceQuality "1"]

1. d4 Nf6 2. c4 c5 3. d5 e6 4. Nc3 exd5 5. cxd5 d6 6. e4 g6 7. f4 Bg7 8. Bb5+ Nfd7 9. Be2 0-0 10. Nf3 Na6 11. 0-0 Nc7 12. a4 b6 13. e5 dxe5 14. Ng5 exf4 15. Bxf4 Bd4+ 16. Kh1 Ne5 17. d6 Qxd6 18. Nf3 f6 19. Nxd4 Qxd4 20. Qe1 Bf5 21. Qg3 Rf7 22. Rad1 Qb4 23. Rd6 Qb3 24. Rxf6 Rxf6 25. Bxe5 Rf7 26. Bxc7 Re8 27. h4 Qxb2 28. Bc4 Be6 29. Re1 Rfe7 30. Bd6 Bxc4 31. Bxe7 Bf7 32. Nb5 Qb3 33. Re3 Qxa4 34. Nd6 Qc6 35. Nxe8 Bxe8 36. Rf3 Qd7 37. Rf8+ 1-0

[Event "Paracin Orbis IM 01"]
[Site "Paracin"]
[Date "2022.01.27"]
[Round "5"]
[White "Brankovic, Dejan"]
[Black "Royal, Shreyas"]
[Result "1/2-1/2"]
[WhiteElo "2302"]
[BlackElo "2243"]
[PlyCount "23"]
[EventDate "2022.01.24"]
[EventType "swiss"]
[EventRounds "9"]
[EventCountry "SRB"]
[SourceTitle "CBM 206 Extra"]
[Source "ChessBase"]
[SourceDate "2022.03.31"]
[SourceVersion "1"]
[SourceVersionDate "2022.03.31"]
[SourceQuality "1"]

1. Nf3 Nf6 2. g3 d5 3. Bg2 e6 4. 0-0 Be7 5. d3 0-0 6. Nbd2 c5 7. e4 Nc6 8. Re1 b5 9. c3 a5 10. a4 b4 11. exd5 exd5 12. Nb3 1/2-1/2

[Event "Paracin Winter IM"]
[Site "Paracin"]
[Date "2022.01.21"]
[Round "7"]
[White "Brankovic, Dejan"]
[Black "Royal, Shreyas"]
[Result "1/2-1/2"]
[WhiteElo "2302"]
[BlackElo "2243"]
[PlyCount "49"]
[EventDate "2022.01.17"]
[EventType "tourn"]
[EventRounds "9"]
[EventCountry "SRB"]
[EventCategory "1"]
[SourceTitle "CBM 206 Extra"]
[Source "ChessBase"]
[SourceDate "2022.03.31"]
[SourceVersion "1"]
[SourceVersionDate "2022.03.31"]
[SourceQuality "1"]

1. Nf3 Nf6 2. g3 d5 3. Bg2 e6 4. 0-0 Be7 5. d3 c5 6. Nbd2 Nc6 7. e4 b5 8. Re1 0-0 9. c3 dxe4 10. dxe4 Bb7 11. Qe2 b4 12. Nb3 bxc3 13. bxc3 Na5 14. Ne5 Qc7 15. Nxa5 Qxa5 16. Qc2 Qc7 17. Nc4 Nd7 18. Bf4 e5 19. Bc1 Nb6 20. Bf1 Ba6 21. Ne3 Bxf1 22. Rxf1 c4 23. a4 a5 24. Rb1 Qc6 25. Rb5 1/2-1/2

[Event "Titled Tuesday intern op 12th Oct"]
[Site "Chess.com INT"]
[Date "2021.10.12"]
[Round "7"]
[White "Brankovic, Dejan"]
[Black "Martinovici, Ilie"]
[Result "0-1"]
[WhiteElo "2302"]
[BlackElo "2404"]
[PlyCount "188"]
[EventDate "2021.10.12"]
[EventType "swiss (blitz)"]
[EventRounds "11"]
[EventCountry "USA"]
[SourceTitle "EXT 2023"]
[Source "ChessBase"]
[SourceDate "2022.10.05"]
[SourceVersion "1"]
[SourceVersionDate "2022.10.05"]
[SourceQuality "1"]

1. e4 c5 2. Nf3 e6 3. b3 Nf6 4. e5 Nd5 5. Bb2 Nc6 6. Bd3 Nf4 7. Bf1 Qc7 8. g3 Ng6 9. Qe2 Nd4 10. Nxd4 cxd4 11. Bxd4 Qxc2 12. Nc3 Ba3 13. Bg2 Bb2 14. Rd1 Bxc3 15. Bxc3 Qxa2 16. Bb4 Qxb3 17. Bd6 h5 18. 0-0 h4 19. Rc1 hxg3 20. hxg3 Qa4 21. Rc7 Ne7 22. Bxe7 Kxe7 23. Rfc1 Qd4 24. R7c4 Qb2 25. Qg4 Qxe5 26. Rc5 d5 27. Qb4 Kf6 28. Rc7 Kg6 29. d4 Qg5 30. Bf1 a5 31. Bd3+ f5 32. Qd6 a4 33. Qe5 Qf6 34. Qe3 a3 35. Ra1 a2 36. Rc2 Qg5 37. Qe2 Qh5 38. Qxh5+ Rxh5 39. Rcxa2 Rxa2 40. Rxa2 Bd7 41. Re2 Kf6 42. Kg2 Rh8 43. Rb2 Bc6 44. Ra2 Re8 45. f4 Rg8 46. Kf3 g5 47. Ra5 gxf4 48. gxf4 Rh8 49. Bb5 Bxb5 50. Rxb5 Rh3+ 51. Ke2 Rh7 52. Rb6 Rc7 53. Kd3 Ke7 54. Ke3 Rc3+ 55. Ke2 Rc7 56. Kd3 Kd7 57. Kd2 Ke7 58. Kd3 Kf6 59. Kd2 Re7 60. Ke3 Kg6 61. Kf3 Kf7 62. Ke3 Ke8 63. Kd3 Kd8 64. Kc3 Kc7 65. Rb1 Rd7 66. Kb4 Rd6 67. Re1 Rc6 68. Kb5 Kd6 69. Rd1 Rc2 70. Kb6 Rb2+ 71. Ka5 b5 72. Kb6 b4 73. Kb5 b3 74. Kb4 Rf2 75. Kxb3 Rxf4 76. Kc3 Re4 77. Rf1 Ke7 78. Rh1 Kf6 79. Kd3 Ke7 80. Rh8 Kd6 81. Rd8+ Ke7 82. Ra8 Rh4 83. Ra7+ Kf6 84. Ra8 Rh3+ 85. Ke2 f4 86. Re8 Kg5 87. Rxe6 Kg4 88. Re5 Rh2+ 89. Kf1 Kf3 90. Kg1 Rg2+ 91. Kf1 Rd2 92. Ke1 Rxd4 93. Re8 Re4+ 94. Rxe4 dxe4 0-1

[Event "SRB-chT 1st League CS"]
[Site "Bajina Basta"]
[Date "2021.09.30"]
[Round "7.4"]
[White "Brankovic, Dejan"]
[Black "Adzic, Momcilo"]
[Result "1/2-1/2"]
[WhiteElo "2302"]
[BlackElo "2195"]
[PlyCount "57"]
[EventDate "2021.09.26"]
[EventType "team-tourn"]
[EventRounds "11"]
[EventCountry "SRB"]
[SourceTitle "EXT 2023"]
[Source "ChessBase"]
[SourceDate "2022.10.05"]
[SourceVersion "1"]
[SourceVersionDate "2022.10.05"]
[SourceQuality "1"]
[WhiteTeam "Paracin OSK"]
[BlackTeam "Kosovska Mitrovica"]
[WhiteTeamCountry "SRB"]
[BlackTeamCountry "SRB"]

1. e4 c5 2. Nf3 Nc6 3. Bb5 e6 4. Bxc6 dxc6 5. d3 Ne7 6. 0-0 Ng6 7. e5 Be7 8. Re1 0-0 9. Nc3 f6 10. Qe2 fxe5 11. Qe4 Rf5 12. Be3 Bd7 13. Ne2 Qf8 14. Nd2 Qf7 15. Ng3 Rf8 16. Nc4 b5 17. Na5 Qe8 18. Nb3 Rf4 19. Bxf4 exf4 20. Nf1 e5 21. Nbd2 c4 22. Nf3 Bf5 23. Qe2 cxd3 24. cxd3 Bb4 25. Rec1 Qe6 26. a3 Ba5 27. b4 Bb6 28. Rc3 Rd8 29. Re1 1/2-1/2